Pracovný čas a jeho rozvrhnutie

Zákonný pracovný čas. Ustanovený týždenný pracovný čas. Určený týždenný pracovný čas. Odpočinok zamestnanca. Nerovnomerne rozvrhnutý pracovný čas.

Salvato in:
Dettagli Bibliografici
Autore principale: Matlovičová, Iveta
Natura: Capitolo di libro
Lingua:slovacco
Soggetti:
Tags: Aggiungi Tag
Nessun Tag, puoi essere il primo ad aggiungerne!!

MARC

LEADER 00000naa a2200000 4500
001 0237886
005 20171205084843.4
041 0 |a slo 
044 |a SK 
245 1 0 |a Pracovný čas a jeho rozvrhnutie  |c Iveta Matlovičová 
520 |a Zákonný pracovný čas. Ustanovený týždenný pracovný čas. Určený týždenný pracovný čas. Odpočinok zamestnanca. Nerovnomerne rozvrhnutý pracovný čas. 
610 2 0 |a čas pracovný 
610 2 0 |a oddych 
100 1 |a Matlovičová, Iveta